Word Ladder: Text Talk Translations Quiz Stats

 Plays Quiz Updated Dec 11, 2012

     
Support Sporcle.
Go Orange.
Score 0/24 Timer 03:00
0 Plays Today
Clue Answer % Correct
Translation ⇒ 'I'm chuckling audibly'❖LOL❖
97.4%
Pint-sized rapper, such as Wayne or Kim LIL
92.7%
Sick or unwellILL
86.7%
Translation ⇒ 'I will return presently'❖BRB❖
85%
Everything, without exceptionALL
83.3%
Translation ⇒ 'I don't have the answer to that'❖IDK❖
83%
Mr. Dylan or Mr. MarleyBOB
81.1%
Affirmative response to nuptials (2 words)I DO
79.6%
Translation ⇒ 'Wow, I don't believe it'❖OMG❖
78.6%
Cause trouble or painAIL
77.6%
Domain name for non-profits.ORG
75.3%
Donkey doppelganger ASS
75.3%
Clue Answer % Correct
Spherical body or globeORB
74.9%
Paid product placementsADS
73.5%
Image abbreviation IMG
71.1%
Translation ⇒ 'Not online but in physical reality'❖IRL❖
69.9%
Frustrate or make angryIRK
68.7%
Unit of electrical current, for shortAMP
68.2%
Cleopatra's serpentine slayerASP
66.7%
Trouble or difficultyADO
66.5%
Mythological fairy-like creatureIMP
66.3%
Translation ⇒ 'Also, I think you should know'❖BTW❖
62%
Lean forward in deferenceBOW
60.8%
Translation ⇒ 'This one for victory'❖FTW❖
51.2%

Today's Daily Dose

Get the Picture
Alien TV Shows

From the Vault

-al -el or -le?

by nabean

We hope you're able to get all of these right.
Remove Ads.
Support Sporcle.
Get the best of Sporcle when you Go Orange. This ad-free experience offers more features, more stats, and more fun while also helping to support Sporcle. Thank you for becoming a member.

Show Comments

Extras

Top Quizzes Today


Score Distribution

Your Account Isn't Verified!

In order to create a playlist on Sporcle, you need to verify the email address you used during registration. Go to your Sporcle Settings to finish the process.

Report this User

Report this user for behavior that violates our Community Guidelines.

Details: